The financial potential for farm-based forestry in the UK following recent government policy developments (Record no. 12900)

MARC details
000 -LEADER
fixed length control field 00885cab a2200217 4500
001 - CONTROL NUMBER
control field ABS39843
008 - FIXED-LENGTH DATA ELEMENTS--GENERAL INFORMATION
fixed length control field 090401t1988 xxu||||| |||| 00| 0 eng d
035 ## - SYSTEM CONTROL NUMBER
System control number (Sirsi) u19337
041 ## - LANGUAGE CODE
Language code of text/sound track or separate title eng
100 ## - MAIN ENTRY--PERSONAL NAME
Personal name Bateman, I.
245 #4 - TITLE STATEMENT
Title The financial potential for farm-based forestry in the UK following recent government policy developments
260 ## - PUBLICATION, DISTRIBUTION, ETC.
Date of publication, distribution, etc. 1988
350 ## - PRICE (NR) (BK AM CF MU VM SE) [OBSOLETE]
Price 0
490 ## - SERIES STATEMENT
Series statement Farm Management
Volume/sequential designation 6(11) Autumn 1988, 473-482(10)
520 ## - SUMMARY, ETC.
Summary, etc. Outlines the new policy relating to UK forestry; the past year or so has seen three major announcements in the Government`s initiative to promote a viable farm-based agro-forestry industry in the UK: the Farm Woodland Scheme , the removal of forestry from the tax system and the Woodland Grant Scheme .
650 ## - SUBJECT ADDED ENTRY--TOPICAL TERM
Topical term or geographic name entry element FARM FORESTRY
650 ## - SUBJECT ADDED ENTRY--TOPICAL TERM
Topical term or geographic name entry element INVESTMENT
690 ## - LOCAL SUBJECT ADDED ENTRY--TOPICAL TERM (OCLC, RLIN)
Topical term or geographic name as entry element RURAL PRACTICE
942 ## - ADDED ENTRY ELEMENTS (KOHA)
Suppress in OPAC 0
948 ## - LOCAL PROCESSING INFORMATION (OCLC); SERIES PART DESIGNATOR (RLIN)
c (OCLC) 04/03/1997
Holdings
Withdrawn status Lost status Source of classification or shelving scheme Damaged status Not for loan Home library Current library Shelving location Date acquired Total Checkouts Full call number Barcode Date last seen Copy number Price effective from Koha item type
    Dewey Decimal Classification     London London Journal article 14/09/1999   ABS39843 19337-1001 06/08/2019 1 06/08/2019 Journal article